000 00316nam a22001337a 4500
008 171124b xxu||||| |||| 00| 0 eng d
020 _a9781464102547
041 _aeng
080 _26 ED
_a311
100 _a55
101 _aSTA
245 _aTHE BASIC PRACTICE OF STATISTICS
_cMOORE.N.F
942 _2udc
_cBK
999 _c38437
_d38437